000
00288 a2200133 4500
001
148876
040
_c
Escola São Tomás de Aquino
100
_a
QUEIRÓS, Bartolomeu Campos
240
1
0
_a
Raul
_l
por
245
1
0
_a
Raul
362
0
_a
1997
697
_a
*LITERATURA INFANTO
942
_c
BK
999
_c
148876
_d
148876